[Event "Reykjavik ISL-ch op"]
[Site "Reykjavik"]
[Date "2020.08.29"]
[Round "8"]
[White "Kristbergsson, Bjorgvin"]
[Black "Thorisson, Bjartur"]
[Result "0-1"]
[WhiteElo "1016"]
[BlackElo "1202"]
[PlyCount "20"]
[EventDate "2020.08.22"]
[EventType "swiss"]
[EventRounds "9"]
[EventCountry "ISL"]
[SourceTitle "CBM 198 Extra"]
[Source "ChessBase"]
[SourceDate "2020.11.30"]
[SourceVersion "1"]
[SourceVersionDate "2020.11.30"]
[SourceQuality "1"]

1. c4 e5 2. e4 Nf6 3. Nc3 Bb4 4. Bd3 0-0 5. h3 b6 6. Nge2 Bb7 7. Qb3 Bxc3 8. Nxc3 Nc6 9. Qd1 Nb4 10. Bb1 Ba6 0-1

[Event "Reykjavik ISL-ch op"]
[Site "Reykjavik"]
[Date "2020.08.23"]
[Round "2"]
[White "Kristbergsson, Bjorgvin"]
[Black "Hreinsson, Johann Helgi"]
[Result "0-1"]
[WhiteElo "1016"]
[BlackElo "1295"]
[PlyCount "79"]
[EventDate "2020.08.22"]
[EventType "swiss"]
[EventRounds "9"]
[EventCountry "ISL"]
[SourceTitle "CBM 198 Extra"]
[Source "ChessBase"]
[SourceDate "2020.11.30"]
[SourceVersion "1"]
[SourceVersionDate "2020.11.30"]
[SourceQuality "1"]

1. c4 e5 2. e4 Bc5 3. Nf3 d6 4. h3 Nc6 5. a3 Nd4 6. b4 Nxf3+ 7. Qxf3 Bd4 8. Nc3 Qf6 9. Qxf6 Nxf6 10. Bd3 Nh5 11. g3 0-0 12. Rb1 f5 13. Nd5 fxe4 14. Ne7+ Kh8 15. Bxe4 Bxf2+ 16. Kd1 Bxg3 17. Nd5 c6 18. Ne3 Bf4 19. Nf1 Ng3 20. Nxg3 Bxg3 21. Rb3 Bf4 22. b5 Bd7 23. b6 d5 24. cxd5 cxd5 25. Bxd5 Ba4 26. Kc2 Bxb3+ 27. Bxb3 axb6 28. Kb2 Rad8 29. Rd1 Rd6 30. Bc2 Rfd8 31. d3 Bxc1+ 32. Kxc1 Rc8 33. Kb2 g6 34. Rf1 Kg7 35. Re1 Re6 36. Re4 Rc5 37. Rb4 Rf6 38. Ba4 Rf4 39. Rxb6 Rxa4 40. Rxb7+ 0-1

[Event "Reykjavik Congress"]
[Site "Reykjavik"]
[Date "2020.01.12"]
[Round "3"]
[White "Kristbergsson, Bjorgvin"]
[Black "Bjarnason, Larus H"]
[Result "0-1"]
[WhiteElo "1045"]
[BlackElo "1489"]
[PlyCount "85"]
[EventDate "2020.01.05"]
[EventType "swiss"]
[EventRounds "9"]
[EventCountry "ISL"]
[SourceTitle "CBM 194 Extra"]
[Source "ChessBase"]
[SourceDate "2020.03.31"]
[SourceVersion "1"]
[SourceVersionDate "2020.03.31"]
[SourceQuality "1"]

1. c4 e5 2. e4 Bc5 3. Nc3 d6 4. h3 Nf6 5. a3 a6 6. b3 Nc6 7. Nf3 0-0 8. Bb2 Re8 9. Bd3 Nd4 10. Nxd4 exd4 11. Ne2 Nxe4 12. 0-0 Qg5 13. f4 Qh4 14. Rf3 Bd7 15. Bxd4 Bc6 16. Bxc5 Nxc5 17. Bxh7+ Qxh7 18. Rg3 Nd3 19. Qf1 Be4 20. Nc3 Nc5 21. Nxe4 Qxe4 22. Kh2 Qe2 23. Qb1 Re4 24. Re3 Rxe3 25. dxe3 Re8 26. Qf5 Qxe3 27. Rf1 Re6 28. Rf3 Qe4 29. Qg5 f6 30. Qg4 Re8 31. Rg3 Ne6 32. Qh5 Re7 33. Qg4 Qxf4 34. Qe2 Qe5 35. Qg4 Nc5 36. Qc8+ Kf7 37. Qg4 Kg8 38. Qc8+ Kh7 39. Qg4 Ne4 40. Qh4+ Kg8 41. Qg4 Nxg3 42. Qxg3 Qxg3+ 43. Kxg3 0-1

[Event "Reykjavik Taflfelag op"]
[Site "Reykjavik"]
[Date "2019.10.30"]
[Round "3"]
[White "Thorarensen, Adalsteinn"]
[Black "Kristbergsson, Bjorgvin"]
[Result "1-0"]
[WhiteElo "1686"]
[BlackElo "1041"]
[PlyCount "79"]
[EventDate "2019.10.16"]
[EventType "swiss"]
[EventRounds "7"]
[EventCountry "ISL"]
[SourceTitle "CBM 193 Extra"]
[Source "ChessBase"]
[SourceDate "2020.01.31"]
[SourceVersion "1"]
[SourceVersionDate "2020.01.31"]
[SourceQuality "1"]

1. d4 d5 2. Nf3 Nc6 3. Bf4 h6 4. e3 a6 5. c4 Nf6 6. Nc3 Be6 7. cxd5 Bxd5 8. Bd3 Nb4 9. Bb1 Bxf3 10. Qxf3 Nbd5 11. Bg3 Nxc3 12. bxc3 c6 13. 0-0 g5 14. Be5 Bg7 15. Bd3 g4 16. Qe2 Rg8 17. Rab1 b5 18. Rfc1 Rc8 19. Bf5 e6 20. Bxg4 Nh7 21. Bg3 Bh8 22. Bf3 Qg5 23. c4 Nf6 24. cxb5 axb5 25. Rxc6 Rxc6 26. Bxc6+ Kf8 27. Rxb5 Nd5 28. Rb8+ Kg7 29. Rxg8+ Kxg8 30. Qf3 Bf6 31. Bxd5 exd5 32. Bf4 Qf5 33. g4 Qg6 34. h3 Bh4 35. Kg2 h5 36. Bg3 Bxg3 37. Qxg3 Qe4+ 38. Qf3 Qg6 39. Qf5 Qh6 40. Qxh5 1-0

[Event "Reykjavik Congress"]
[Site "Reykjavik"]
[Date "2019.01.16"]
[Round "4"]
[White "Moller, Tomas"]
[Black "Kristbergsson, Bjorgvin"]
[Result "1-0"]
[WhiteElo "1226"]
[BlackElo "1058"]
[PlyCount "40"]
[EventDate "2019.01.06"]
[EventType "swiss"]
[EventRounds "9"]
[EventCountry "ISL"]
[SourceTitle "CBM 188 Extra"]
[Source "ChessBase"]
[SourceDate "2019.02.26"]
[SourceVersion "1"]
[SourceVersionDate "2019.02.26"]
[SourceQuality "1"]

1. e4 c5 2. Nf3 Nc6 3. d4 cxd4 4. Nxd4 e6 5. Nc3 a6 6. Be3 Bb4 7. Qd2 h6 8. 0-0-0 Nf6 9. f3 Qe7 10. Kb1 b5 11. g4 g5 12. h4 Bxc3 13. Qxc3 b4 14. Nxc6 bxc3 15. Nxe7 Kxe7 16. Bd4 cxb2 17. hxg5 Kf8 18. Bxf6 Rh7 19. Rxh6 Rxh6 20. gxh6 Kg8 1-0

[Event "Reykjavik Taflfelag op"]
[Site "Reykjavik"]
[Date "2018.11.07"]
[Round "4"]
[White "Kristbergsson, Bjorgvin"]
[Black "Thorisson, Bjartur"]
[Result "0-1"]
[WhiteElo "1074"]
[BlackElo "1022"]
[PlyCount "66"]
[EventDate "2018.10.17"]
[EventType "swiss"]
[EventRounds "7"]
[EventCountry "ISL"]
[SourceTitle "CBM 187 Extra"]
[Source "ChessBase"]
[SourceDate "2018.11.04"]
[SourceVersion "1"]
[SourceVersionDate "2018.11.04"]
[SourceQuality "1"]

1. c4 e5 2. e4 Nf6 3. Nc3 Bb4 4. Bd3 0-0 5. h3 Nc6 6. Nf3 d6 7. a3 Bxc3 8. bxc3 Be6 9. 0-0 Qd7 10. Ng5 h6 11. Nxe6 fxe6 12. Qf3 Nd5 13. Qd1 Nde7 14. Bc2 Rad8 15. d3 d5 16. Qg4 Rf6 17. c5 d4 18. c4 Rg6 19. Qe2 b6 20. cxb6 axb6 21. Ba4 Ra8 22. Bb5 Qc8 23. f4 Rf6 24. f5 exf5 25. exf5 Rxf5 26. Rxf5 Qxf5 27. g4 Qf6 28. Qe4 Rf8 29. Qe2 Qh4 30. Qg2 Qe1+ 31. Kh2 Rf2 32. Bxh6 Rxg2+ 33. Kxg2 Qxa1 0-1

[Event "Reykjavik Taflfelag op"]
[Site "Reykjavik"]
[Date "2018.10.24"]
[Round "2"]
[White "Thorisson, Benedikt"]
[Black "Kristbergsson, Bjorgvin"]
[Result "1-0"]
[WhiteElo "1344"]
[BlackElo "1074"]
[PlyCount "23"]
[EventDate "2018.10.17"]
[EventType "swiss"]
[EventRounds "7"]
[EventCountry "ISL"]
[SourceTitle "CBM 187 Extra"]
[Source "ChessBase"]
[SourceDate "2018.11.04"]
[SourceVersion "1"]
[SourceVersionDate "2018.11.04"]
[SourceQuality "1"]

1. e4 e5 2. Nf3 Nc6 3. d4 exd4 4. Nxd4 Qe7 5. Nc3 Nxd4 6. Qxd4 c5 7. Qd1 h6 8. Bd3 Nf6 9. 0-0 a6 10. e5 Nh7 11. Nd5 Qd8 12. Bf4 1-0

[Event "Reykjavik Faxaven op"]
[Site "Reykjavik"]
[Date "2018.05.02"]
[Round "7"]
[White "Masson, Kjartan"]
[Black "Kristbergsson, Bjorgvin"]
[Result "1-0"]
[WhiteElo "1745"]
[BlackElo "1063"]
[PlyCount "21"]
[EventDate "2018.03.21"]
[EventType "swiss"]
[EventRounds "7"]
[EventCountry "ISL"]
[SourceTitle "EXT 2019"]
[Source "ChessBase"]
[SourceDate "2018.10.10"]
[SourceVersion "1"]
[SourceVersionDate "2018.10.10"]
[SourceQuality "1"]

1. d4 d5 2. c4 Nf6 3. e3 Be6 4. cxd5 Nxd5 5. e4 Nb4 6. d5 Bd7 7. Nf3 f6 8. e5 Bg4 9. Bb5+ c6 10. dxc6 Qxd1+ 11. Kxd1 1-0

[Event "Reykjavik Faxaven op"]
[Site "Reykjavik"]
[Date "2018.04.04"]
[Round "3"]
[White "Hauksson, Bjorgvin Jonas"]
[Black "Kristbergsson, Bjorgvin"]
[Result "1-0"]
[WhiteElo "1704"]
[BlackElo "1063"]
[PlyCount "69"]
[EventDate "2018.03.21"]
[EventType "swiss"]
[EventRounds "7"]
[EventCountry "ISL"]
[SourceTitle "EXT 2019"]
[Source "ChessBase"]
[SourceDate "2018.10.10"]
[SourceVersion "1"]
[SourceVersionDate "2018.10.10"]
[SourceQuality "1"]

1. e4 c5 2. Bc4 e5 3. Nc3 Nf6 4. d3 h6 5. f4 Nc6 6. Nf3 d6 7. 0-0 a6 8. a4 Bd7 9. Qe1 Qc8 10. Qg3 Nh5 11. Qh4 Nf6 12. Nd5 Nxd5 13. Bxd5 Be7 14. Qg3 0-0 15. fxe5 Kh7 16. exd6 Bd8 17. e5 Bf5 18. Nh4 Nd4 19. Rf2 Bxh4 20. Qxh4 Qd8 21. Qxd8 Raxd8 22. Bxb7 Be6 23. Bxa6 g5 24. Bb7 Kh8 25. Be3 Nf5 26. Bxc5 Rg8 27. a5 g4 28. a6 g3 29. hxg3 Bc8 30. Be4 Nxg3 31. Rxf7 Nxe4 32. dxe4 Bh3 33. Rf2 Rg3 34. Kh2 Rxg2+ 35. Rxg2 1-0

[Event "Reykjavik Congress"]
[Site "Reykjavik"]
[Date "2018.01.31"]
[Round "7"]
[White "Davidsson, Joshua"]
[Black "Kristbergsson, Bjorgvin"]
[Result "1-0"]
[WhiteElo "1496"]
[BlackElo "1064"]
[PlyCount "27"]
[EventDate "2018.01.10"]
[EventType "swiss"]
[EventRounds "9"]
[EventCountry "ISL"]
[SourceTitle "CBM 182 Extra"]
[Source "ChessBase"]
[SourceDate "2018.02.23"]
[SourceVersion "1"]
[SourceVersionDate "2018.02.23"]
[SourceQuality "1"]

1. e4 c5 2. Nc3 e6 3. Bc4 d6 4. a4 Nc6 5. Nf3 h6 6. d3 b6 7. Bf4 g5 8. Bg3 Bg7 9. Qd2 Nd4 10. Nxd4 cxd4 11. Ne2 Bb7 12. f4 Bf6 13. fxg5 hxg5 14. Bxd6 1-0

[Event "Reykjavik op"]
[Site "Reykjavik"]
[Date "2017.04.19"]
[Round "1"]
[White "Kristbergsson, Bjorgvin"]
[Black "Halldorsson, Bragi"]
[Result "0-1"]
[WhiteElo "1060"]
[BlackElo "2110"]
[PlyCount "58"]
[EventDate "2017.04.19"]
[EventType "swiss"]
[EventRounds "10"]
[EventCountry "ISL"]
[SourceTitle "CBM 178 Extra"]
[Source "ChessBase"]
[SourceDate "2017.06.22"]
[SourceVersion "1"]
[SourceVersionDate "2017.06.22"]
[SourceQuality "1"]

1. d4 Nf6 2. Nc3 g6 3. h3 Bg7 4. e3 d6 5. Nf3 c6 6. Bd3 Nbd7 7. b4 0-0 8. Bb2 Qc7 9. a3 e5 10. b5 Re8 11. 0-0 e4 12. Nxe4 Nxe4 13. Nh2 d5 14. c4 dxc4 15. Bxc4 Nb6 16. Ba2 cxb5 17. Nf3 Nc4 18. Bxc4 bxc4 19. Rc1 b5 20. a4 a6 21. axb5 axb5 22. Ne5 Bb7 23. Qg4 Ra2 24. Bc3 Nxc3 25. Rxc3 Bxe5 26. dxe5 Qxe5 27. Rfc1 Bd5 28. f4 Qe4 29. Qf3 Rxg2+ 0-1

[Event "Reykjavik op"]
[Site "Reykjavik"]
[Date "2016.03.14"]
[Round "8"]
[White "Kristbergsson, Bjorgvin"]
[Black "Kristjansson, Halldor Atli"]
[Result "0-1"]
[WhiteElo "1100"]
[BlackElo "1346"]
[PlyCount "72"]
[EventDate "2016.03.08"]
[EventType "swiss"]
[EventRounds "10"]
[EventCountry "ISL"]
[SourceTitle "CBM 171 Extra"]
[Source "ChessBase"]
[SourceDate "2016.04.26"]
[SourceVersion "1"]
[SourceVersionDate "2016.04.26"]
[SourceQuality "1"]

1. c4 e5 2. Nc3 Nf6 3. h3 Be7 4. b3 b6 5. Bb2 Bb7 6. e4 d6 7. d3 0-0 8. g4 h6 9. Nf3 Nh7 10. Rg1 Ng5 11. Nxg5 Bxg5 12. Nd5 Bxd5 13. cxd5 c6 14. Qf3 cxd5 15. exd5 Nd7 16. Bc1 Rc8 17. Bxg5 Qxg5 18. Qe3 f6 19. Qxg5 fxg5 20. Bg2 Rc2 21. f3 Nf6 22. Kd1 Rfc8 23. f4 gxf4 24. Bf3 R2c5 25. g5 hxg5 26. Rxg5 Nxd5 27. Bxd5+ Rxd5 28. Ke2 Rc2+ 29. Kf1 Rxd3 30. h4 Rh3 31. Kg1 Rxh4 32. Rd1 Rh6 33. a4 Rb2 34. Rc1 Rxb3 35. Rc8+ Kh7 36. Rc7 Rg6 0-1

[Event "Reykjavik op"]
[Site "Reykjavik"]
[Date "2016.03.08"]
[Round "1"]
[White "Diaz, Franck"]
[Black "Kristbergsson, Bjorgvin"]
[Result "1-0"]
[WhiteElo "2060"]
[BlackElo "1100"]
[PlyCount "76"]
[EventDate "2016.03.08"]
[EventType "swiss"]
[EventRounds "10"]
[EventCountry "ISL"]
[SourceTitle "CBM 171 Extra"]
[Source "ChessBase"]
[SourceDate "2016.04.26"]
[SourceVersion "1"]
[SourceVersionDate "2016.04.26"]
[SourceQuality "1"]

1. e4 c5 2. Nf3 Nc6 3. d4 cxd4 4. Nxd4 e6 5. Nc3 a6 6. Be3 h6 7. Be2 Nf6 8. 0-0 Bb4 9. Nxc6 bxc6 10. e5 Nd5 11. Nxd5 cxd5 12. Qd4 Be7 13. Qg4 g6 14. Bd3 h5 15. Qg3 g5 16. f4 g4 17. Qf2 Qc7 18. Rac1 h4 19. Bd4 g3 20. hxg3 hxg3 21. Qxg3 Bh4 22. Qg7 Rf8 23. c3 Bb7 24. Qg4 Rh8 25. Qe2 Ke7 26. Qe3 Rag8 27. Rf3 Ke8 28. Rh3 Bf2+ 29. Kxf2 Rxh3 30. Qxh3 Qd8 31. Qh7 Rf8 32. Bc5 d6 33. Bxd6 Qb6+ 34. Ke2 Qxb2+ 35. Rc2 Qb1 36. Qh4 f6 37. Bxf8 Kxf8 38. Qxf6+ Ke8 1-0

[Event "Reykjavik op"]
[Site "Reykjavik"]
[Date "2015.03.18"]
[Round "10"]
[White "Olsen, William Sandberg"]
[Black "Kristbergsson, Bjorgvin"]
[Result "1-0"]
[WhiteElo "1716"]
[BlackElo "1159"]
[PlyCount "41"]
[EventDate "2015.03.10"]
[EventType "swiss"]
[EventRounds "10"]
[EventCountry "ISL"]
[SourceTitle "CBM 165 Extra"]
[Source "ChessBase"]
[SourceDate "2015.04.21"]
[SourceVersion "1"]
[SourceVersionDate "2015.04.21"]
[SourceQuality "1"]

1. d4 Nf6 2. Nf3 d5 3. c4 h6 4. Nc3 a6 5. Bf4 Nc6 6. e3 g5 7. Bg3 Bg4 8. Be2 Bg7 9. Qb3 Qc8 10. cxd5 Na7 11. Rc1 0-0 12. Na4 b6 13. Nxb6 Rb8 14. Nxc8 Rxb3 15. Nxe7+ Kh8 16. axb3 Rd8 17. Ne5 Rf8 18. Nxg4 Ne4 19. Bd3 f5 20. Bxe4 fxe4 21. Ng6+ 1-0

[Event "Reykjavik op"]
[Site "Reykjavik"]
[Date "2015.03.15"]
[Round "7"]
[White "Halldorsson, Haukur"]
[Black "Kristbergsson, Bjorgvin"]
[Result "1-0"]
[WhiteElo "1575"]
[BlackElo "1159"]
[PlyCount "75"]
[EventDate "2015.03.10"]
[EventType "swiss"]
[EventRounds "10"]
[EventCountry "ISL"]
[SourceTitle "CBM 165 Extra"]
[Source "ChessBase"]
[SourceDate "2015.04.21"]
[SourceVersion "1"]
[SourceVersionDate "2015.04.21"]
[SourceQuality "1"]

1. c4 c5 2. Nc3 Nf6 3. Nf3 Nc6 4. d4 cxd4 5. Nxd4 h6 6. Nc2 a6 7. e3 e6 8. Be2 g5 9. e4 b6 10. a3 Bb7 11. 0-0 Rg8 12. h3 Qc7 13. Ne3 Bd6 14. f3 Bh2+ 15. Kh1 Nh5 16. Ng4 Ng3+ 17. Kxh2 h5 18. Nf6+ Kf8 19. Kg1 Rd8 20. Nxg8 Nxf1 21. Bxf1 Qg3 22. Ne2 Qe5 23. Nh6 Qc5+ 24. Kh1 Kg7 25. b4 Qf2 26. Bxg5 f6 27. Bd2 d5 28. cxd5 Ne5 29. Ng1 f5 30. exf5 Bxd5 31. Qc2 Kf6 32. Qc3 exf5 33. Bf4 Re8 34. Re1 Qh4 35. Qd4 Qxe1 36. Qxd5 Qxf1 37. Qd6+ Re6 38. Bxe5+ 1-0

[Event "Reykjavik op"]
[Site "Reykjavik"]
[Date "2015.03.12"]
[Round "4"]
[White "Hojgaard, Brandur"]
[Black "Kristbergsson, Bjorgvin"]
[Result "1-0"]
[WhiteElo "1787"]
[BlackElo "1159"]
[PlyCount "74"]
[EventDate "2015.03.10"]
[EventType "swiss"]
[EventRounds "10"]
[EventCountry "ISL"]
[SourceTitle "CBM 165 Extra"]
[Source "ChessBase"]
[SourceDate "2015.04.21"]
[SourceVersion "1"]
[SourceVersionDate "2015.04.21"]
[SourceQuality "1"]

1. d4 Nf6 2. Nf3 h6 3. c4 d6 4. Nc3 a6 5. e4 g5 6. h3 c6 7. Bd3 Be6 8. Bd2 Bg7 9. Qe2 Nh5 10. Bc2 Nf4 11. Bxf4 gxf4 12. Qd3 Qb6 13. 0-0-0 Qb4 14. Nd2 Bd7 15. Ne2 Qa5 16. Kb1 Qg5 17. Nf3 Qf6 18. e5 Qf5 19. Qb3 Qe6 20. d5 cxd5 21. cxd5 Ba4 22. dxe6 Bxb3 23. Bxb3 fxe6 24. exd6 e5 25. dxe7 Nc6 26. g3 Nxe7 27. gxf4 Nc6 28. fxe5 Rf8 29. Ned4 0-0-0 30. Nxc6 bxc6 31. Rxd8+ Kxd8 32. Nd4 Ke7 33. Ne6 Rf7 34. f4 a5 35. Rg1 Bf8 36. Rg8 c5 37. Rxf8 Rxf8 1-0

[Event "Reykjavik op"]
[Site "Reykjavik"]
[Date "2015.03.11"]
[Round "2"]
[White "Birkisson, Bjorn Holm"]
[Black "Kristbergsson, Bjorgvin"]
[Result "1-0"]
[WhiteElo "1845"]
[BlackElo "1159"]
[PlyCount "49"]
[EventDate "2015.03.10"]
[EventType "swiss"]
[EventRounds "10"]
[EventCountry "ISL"]
[SourceTitle "CBM 165 Extra"]
[Source "ChessBase"]
[SourceDate "2015.04.21"]
[SourceVersion "1"]
[SourceVersionDate "2015.04.21"]
[SourceQuality "1"]

1. e4 g6 2. d4 Bg7 3. Nc3 c6 4. f4 e6 5. Nf3 h6 6. Bd3 b6 7. 0-0 Bb7 8. e5 Ne7 9. Ne4 Nf5 10. g4 d5 11. Nf6+ Bxf6 12. gxf5 gxf5 13. exf6 Qxf6 14. Kh1 c5 15. Bb5+ Nc6 16. Ne5 Rc8 17. c3 a6 18. Bxc6+ Rxc6 19. Nxc6 Bxc6 20. Be3 Bb5 21. Rg1 c4 22. Qh5 Ke7 23. Bf2 Ke8 24. Bh4 Qg6 25. Rxg6 1-0

[Event "ISL-ch sf"]
[Site "Kopavogur"]
[Date "2014.05.31"]
[Round "8"]
[White "Jonsson, Thorsteinn Emil"]
[Black "Kristbergsson, Bjorgvin"]
[Result "1-0"]
[WhiteElo "1000"]
[BlackElo "1178"]
[PlyCount "75"]
[EventDate "2014.05.23"]
[EventType "swiss"]
[EventRounds "9"]
[EventCountry "ISL"]
[SourceTitle "CBM 160 Extra"]
[Source "ChessBase"]
[SourceDate "2014.07.01"]
[SourceVersion "1"]
[SourceVersionDate "2014.07.01"]
[SourceQuality "1"]

1. e4 c5 2. Nf3 g6 3. Bc4 e6 4. Nc3 a6 5. a3 Nc6 6. b4 cxb4 7. axb4 Nxb4 8. Ba3 b5 9. Bxb4 Bxb4 10. Bxb5 a5 11. 0-0 Ne7 12. Ba4 0-0 13. Qe2 Bxc3 14. dxc3 f5 15. exf5 Nxf5 16. Qe4 Ba6 17. Rfd1 Rb8 18. Bxd7 Kh8 19. Qxe6 Qf6 20. Qxf6+ Rxf6 21. Rxa5 Be2 22. Re1 Bxf3 23. gxf3 Nh4 24. Bc6 Nxf3+ 25. Bxf3 Rxf3 26. Re3 Rf6 27. Rae5 Rbf8 28. Re2 h5 29. h4 Rf4 30. R5e4 Rf3 31. Re6 Kh7 32. c4 g5 33. hxg5 R3f4 34. Rh6+ Kg7 35. Re7+ R8f7 36. Rxf7+ Kxf7 37. Rf6+ Rxf6 38. gxf6 1-0

[Event "ISL-ch sf"]
[Site "Kopavogur"]
[Date "2014.05.26"]
[Round "4"]
[White "Hallsson, Jon Eggert"]
[Black "Kristbergsson, Bjorgvin"]
[Result "1-0"]
[WhiteElo "1691"]
[BlackElo "1178"]
[PlyCount "59"]
[EventDate "2014.05.23"]
[EventType "swiss"]
[EventRounds "9"]
[EventCountry "ISL"]
[SourceTitle "CBM 160 Extra"]
[Source "ChessBase"]
[SourceDate "2014.07.01"]
[SourceVersion "1"]
[SourceVersionDate "2014.07.01"]
[SourceQuality "1"]

1. e4 c5 2. c3 Nc6 3. Nf3 h6 4. Bc4 e6 5. d4 Na5 6. Nbd2 Nxc4 7. Nxc4 b5 8. Ne3 c4 9. a4 Ba6 10. 0-0 g5 11. Ng4 Bg7 12. Nfe5 Nf6 13. Qf3 0-0 14. h4 Bb7 15. Re1 d6 16. hxg5 Nxg4 17. Qxg4 hxg5 18. Nf3 Bc8 19. Bxg5 f6 20. Bh6 Qe7 21. e5 f5 22. exd6 Qf6 23. Qxg7+ Qxg7 24. Bxg7 Kxg7 25. axb5 Bb7 26. Rxe6 Kh8 27. d7 Bxf3 28. gxf3 Rg8+ 29. Kf1 Rad8 30. Re7 1-0

[Event "Reykjavik op"]
[Site "Reykjavik"]
[Date "2014.03.05"]
[Round "2"]
[White "Kristbergsson, Bjorgvin"]
[Black "Flodmark, Tarras"]
[Result "0-1"]
[WhiteElo "1175"]
[BlackElo "1922"]
[PlyCount "74"]
[EventDate "2014.03.04"]
[EventType "swiss"]
[EventRounds "10"]
[EventCountry "ISL"]
[SourceTitle "CBM 159 Extra"]
[Source "ChessBase"]
[SourceDate "2014.04.24"]
[SourceVersion "1"]
[SourceVersionDate "2014.04.24"]
[SourceQuality "1"]

1. c3 Nf6 2. g3 c5 3. Bg2 d5 4. h3 Nc6 5. e3 e5 6. b3 Bd6 7. Bb2 0-0 8. Na3 Re8 9. Ne2 Bf5 10. d3 a6 11. g4 Be6 12. Qc2 Rc8 13. 0-0 b5 14. Rad1 h5 15. f3 Qd7 16. e4 b4 17. Nb1 bxc3 18. Bxc3 Nd4 19. Qd2 hxg4 20. fxg4 dxe4 21. Ng3 exd3 22. Qg5 Nh7 23. Qe3 c4 24. Nh5 Ne2+ 25. Kh1 Nf4 26. Nxf4 exf4 27. Qd4 f6 28. Bd5 Be5 29. Bxe6+ Qxe6 30. Qf2 Qc6+ 31. Kg1 Ng5 32. Qg2 Qxg2+ 33. Kxg2 f3+ 34. Kh1 Bxc3 35. Nxc3 cxb3 36. Na4 Re2 37. h4 Rcc2 0-1